Vessel Collisions in the Law of the Sea (Record no. 3192)
[ view plain ]
| 000 -LEADER | |
|---|---|
| fixed length control field | 04015nam a22004815i 4500 |
| 007 - PHYSICAL DESCRIPTION FIXED FIELD--GENERAL INFORMATION | |
| fixed length control field | cr nn 008mamaa |
| 008 - FIXED-LENGTH DATA ELEMENTS--GENERAL INFORMATION | |
| fixed length control field | 221208s2022 si | s |||| 0|eng d |
| 020 ## - INTERNATIONAL STANDARD BOOK NUMBER | |
| International Standard Book Number | 9789811697937 |
| -- | 978-981-16-9793-7 |
| 040 ## - CATALOGING SOURCE | |
| Original cataloging agency | IMU Kochi Library |
| Language of cataloging | eng |
| 041 0# - LANGUAGE CODE | |
| Language code of text/sound track or separate title | eng |
| 082 04 - DEWEY DECIMAL CLASSIFICATION NUMBER | |
| Classification number | 347.09 |
| Edition number | 23 |
| 100 1# - MAIN ENTRY--PERSONAL NAME | |
| Personal name | Robles Jr., Alfredo C. |
| 245 10 - TITLE STATEMENT | |
| Title | Vessel Collisions in the Law of the Sea |
| Medium | [electronic resource] : |
| Sub Title | The South China Sea Arbitration / |
| 250 ## - EDITION STATEMENT | |
| Edition statement | 1st ed. 2022. |
| 300 ## - PHYSICAL DESCRIPTION | |
| Extent | XVI, 222 p. 2 illus., 1 illus. in color. |
| Other physical details | online resource. |
| 505 0# - FORMATTED CONTENTS NOTE | |
| Formatted contents note | 1. Introduction -- 2. The Uncontested Factual Background -- 3. The COLREGS, Mariners, and States -- 4. The COLREGS and the Arbitral Tribunal's Jurisdiction -- 5. The Violations of the COLREGS as Violations of the United Nations Convention on the Law of the Sea -- 6. Towards a Critique of the Rationalizations of Collisions as Instruments of Chinese Foreign Policy -- 7. Summary and Conclusions. |
| 520 ## - SUMMARY, ETC. | |
| Summary, etc | This book focuses on the decision of the Tribunal in the South China Sea Arbitration that China had operated its law enforcement vessels in ways that created risks of collision with Philippine official vessels at Scarborough Shoal in April and May 2012. The book explains the International Regulations for Preventing Collisions at Sea (COLREGS) and the incidents in layperson's terms. It analyzes China's violations of the COLREGS on the basis of confidential Philippine documents declassified for the Arbitration, technical works by professional mariners, and the reports submitted by the navigational safety experts to the Tribunal. It pays attention to Chinese post-arbitration critiques of the Tribunal 's decision, which it characterizes as rationalizations of collisions as instruments of Chinese foreign policy. It contrasts China's conduct with the practice of the US and Western European States, which mandate compliance with collision regulations even during law enforcement operations. The book draws on sources in five languages (English, French, German, Italian, and Spanish), and helps the reader understand the pattern of China's harassment of vessels from littoral and non-littoral States in the South China Sea as well as the absence of legal foundations for China's rationalizations of its behavior. Alfredo C. Robles, Jr. is a University Fellow at De La Salle University, Philippines. He holds doctorate degrees from the Université Paris 1 (Panthéon-Sorbonne), France, and Syracuse University, USA. He is the author of French Theories of Regulation and Conceptions of the International Division of Labour (1994), The Political Economy of Interregional Relations: ASEAN and the EU (2004), The Asia-Europe Meeting: The Theory and Practice of Interregionalism (2008), The South China Sea Arbitration: Understanding the Awards and Debating with China (2018), and Endangered Species and Fragile Ecosystems in the South China Sea: The Philippines v. China Arbitration (2020). |
| 650 #0 - SUBJECT ADDED ENTRY--TOPICAL TERM | |
| Topical term or geographic name as entry element | Mediation. |
| 650 #0 - SUBJECT ADDED ENTRY--TOPICAL TERM | |
| Topical term or geographic name as entry element | Dispute resolution (Law). |
| 650 #0 - SUBJECT ADDED ENTRY--TOPICAL TERM | |
| Topical term or geographic name as entry element | Arbitration (Administrative law). |
| 650 #0 - SUBJECT ADDED ENTRY--TOPICAL TERM | |
| Topical term or geographic name as entry element | International relations. |
| 650 #0 - SUBJECT ADDED ENTRY--TOPICAL TERM | |
| Topical term or geographic name as entry element | Private international law. |
| 650 #0 - SUBJECT ADDED ENTRY--TOPICAL TERM | |
| Topical term or geographic name as entry element | Conflict of laws. |
| 650 #0 - SUBJECT ADDED ENTRY--TOPICAL TERM | |
| Topical term or geographic name as entry element | International law. |
| 650 #0 - SUBJECT ADDED ENTRY--TOPICAL TERM | |
| Topical term or geographic name as entry element | Comparative law. |
| 650 #0 - SUBJECT ADDED ENTRY--TOPICAL TERM | |
| Topical term or geographic name as entry element | Peace. |
| 650 14 - SUBJECT ADDED ENTRY--TOPICAL TERM | |
| Topical term or geographic name as entry element | Dispute Resolution, Mediation, Arbitration. |
| 650 24 - SUBJECT ADDED ENTRY--TOPICAL TERM | |
| Topical term or geographic name as entry element | Foreign Policy. |
| 650 24 - SUBJECT ADDED ENTRY--TOPICAL TERM | |
| Topical term or geographic name as entry element | Private International Law, International and Foreign Law, Comparative Law. |
| 650 24 - SUBJECT ADDED ENTRY--TOPICAL TERM | |
| Topical term or geographic name as entry element | International Relations. |
| 650 24 - SUBJECT ADDED ENTRY--TOPICAL TERM | |
| Topical term or geographic name as entry element | Peace and Conflict Studies. |
| 852 ## - LOCATION/CALL NUMBER | |
| Location | IMU Kochi Library |
| 856 40 - ELECTRONIC LOCATION AND ACCESS | |
| Uniform Resource Identifier | <a href="https://doi.org/10.1007/978-981-16-9793-7">https://doi.org/10.1007/978-981-16-9793-7</a> |
| 904 ## - LOCAL DATA ELEMENT D, LDD (RLIN) | |
| CATALOGER | Rudra Ranjan |
| 905 ## - LOCAL DATA ELEMENT E, LDE (RLIN) | |
| VERIFIER | Rudra Ranjan |
| 942 ## - ADDED ENTRY ELEMENTS (KOHA) | |
| Item type | E-Book |
| 264 #1 - | |
| -- | Singapore : |
| -- | Springer Nature Singapore : |
| -- | Imprint: Palgrave Macmillan, |
| -- | 2022. |
| 338 ## - | |
| -- | online resource |
No items available.